00235nam a22000857a 4500008004100000082001500041245007300056260000800129300001200137230627b xxu||||| |||| 00| 0 eng d a338.9bGPK aSessional Paper No. 77 of 1956/57bThe Development Programme 1957/60 bGOK aIV,100p